| 000 -LEADER |
| fixed length control field |
00418nam a2200145 4500 |
| 003 - CONTROL NUMBER IDENTIFIER |
| control field |
OSt |
| 005 - DATE AND TIME OF LATEST TRANSACTION |
| control field |
20210629121915.0 |
| 008 - FIXED-LENGTH DATA ELEMENTS--GENERAL INFORMATION |
| fixed length control field |
210629b ||||| |||| 00| 0 eng d |
| 020 ## - INTERNATIONAL STANDARD BOOK NUMBER |
| International Standard Book Number |
AR-UG2241 |
| 082 ## - DEWEY DECIMAL CLASSIFICATION NUMBER |
| Classification number |
751.4 |
| Item number |
BOW |
| 100 ## - MAIN ENTRY--PERSONAL NAME |
| Personal name |
Bowley, Flora; Lomax, Zipporah, |
| 245 ## - TITLE STATEMENT |
| Title |
Creative revolution : personal transformation through brave intuitive painting |
| 260 ## - PUBLICATION, DISTRIBUTION, ETC. (IMPRINT) |
| Place of publication, distribution, etc |
USA |
| Name of publisher, distributor, etc |
Quarto publishing group |
| Date of publication, distribution, etc |
2016 |
| 942 ## - ADDED ENTRY ELEMENTS (KOHA) |
| Source of classification or shelving scheme |
|